Responses for show #4633 - Wednesday, October 27, 2004

Ken Jennings game 61.

Contestants

[<< previous game]

Merritt Hamilton Allen, a director of communications originally from Silver City, New Mexico

Adam Villani, an engineer from Long Beach, California

Ken Jennings, a software engineer from Salt Lake City, Utah (whose 60-day cash winnings total $2,031,300)

[next game >>]

Jeopardy! Round responses

U.S. GEOGRAPHY
FAMILIAL SONG TITLES
RED ALERT!
PRESIDENTIAL CAMPAIGNS
BUMPER STICKERS?
"J" WALKING
    $200 1
New Orleans

Merritt
    $200 11
Brother

Ken
    $200 22
Lewis & Clark

Ken
    $200 6
Barry Goldwater

Ken
    $200 21
Charlton Heston

Adam
    $200 16
Japan

Adam
    $400 2
Catalina

Ken
    $400 12
Sisters

Ken
    $400 27
a pimento

Merritt
    $400 7
(Al) Smith

Ken
    $400 23
Pamela Anderson

Ken
    $400 17
the jambs

Ken
    $600 3
Staten Island

Ken
    $600 13
Grandma

Merritt
    $600 28
Red Square

Ken
    $600 8
Eugene Debs

Ken
    $600 24
(Stephen) Hawking

Ken
    $600 18
Pope John Paul II

Adam
    $800 4
Texas

Adam
    $800 14
Papa

Ken
    $800 29
wine

Merritt
    $800 9
William Jennings Bryan

Ken
    $800 25
horned lizard (or horned toad)

Ken
    $800 19
Jacksonville, Florida

Adam
    $1,000 5
the Snake River

Adam
    $1000 15
(Ken: Who is Daddy?)

Grandpa

Ken
Triple Stumper
    $1000 30
a ruby

Ken
    $1000 10
Iowa

Adam
    $1000 26
Ted Turner

Ken
    $1000 20
(Carl Gustav) Jung

Ken

Scores at the first commercial break (after clue 15):

Ken Adam Merritt
$3,400 $2,800 $800

Scores at the end of the Jeopardy! Round:

Ken Adam Merritt
$9,400 $4,600 $2,000

Double Jeopardy! Round responses

RUSSIAN CULTURE
BIG SCREEN BIO SUBJECTS
CHILDREN IN LITERATURE
POTENTATE POTABLES
ENTER & DESIGN IN, PLEASE
"RE"RUNS
    $400 1
(Ken: Who is... Dostoyevsky?)
(Adam: Who is Pushkin?)

(Leon) Tolstoy

KenAdamMerritt
    $400 9
Lenny Bruce

Ken
    $400 6
Alice

Ken
    $400 16
Napoleon

Ken
    $400 30
the Chrysler Building

Adam
    $400 21
rehearsal

Ken
    $800 2
the Moscow Circus

Ken
    $800 12
Beethoven

Adam
    $800 7
Oliver Twist

Ken
    $800 17
Guinness

Ken
    $800 29
TV

Ken
    $800 22
recoil

Adam
    $1200 3
Boatmen of the Volga (or Volga Boatmen)

Merritt
    $1200 13
Ron Kovic

Ken
    $1200 8
Mark Twain

Adam
    $1200 18
(Ken: Who is William of Orange?)
(Alex: Which one?)
(Ken: William I of England?)
(Merritt: Who is William II?)

William III

KenAdamMerritt
    $5,000 26
(Alex: Yes, that's right. Santos-Dumont, one of the famed early aviators.)

a plane

Merritt
    $1200 25
(Ken: What is a redoubt?)

a retaining wall

KenMerritt
    $1600 4
mother

Merritt
    $1600 14
Doolittle

Adam
    $1600 10
(E.B.) White

Ken
    $1600 19
Hammurabi

Adam
    $1600 28
a pen

Adam
    $1600 23
a retort

Adam
    $2000 5
Aleksandr Nevsky

Ken
    $2000 15
(John) Nash

Adam
    $5,000 11
(Alex: It pays to read.)

the Little Prince

Ken
    $2000 20
Madeira

Ken
    $2000 27
a typewriter

Merritt
    $2000 24
revisions

Ken

Scores at the end of the Double Jeopardy! Round:

Ken Adam Merritt
$25,200 $17,000 $12,200

[wagering suggestions for these scores]

Final Jeopardy! Round responses

POPULATIONS
MerrittWhat is Bolivia?
$12,200
AdamWhat is Suriname?
$7,401
KenWhat is Surinam
$8,801
Suriname (formerly Dutch Guiana)

Final scores:

Ken Adam Merritt
$34,001 $24,401 $0
61-day champion: $2,065,301 2nd place: $2,000 3rd place: $1,000

Game dynamics:

Coryat scores:

Ken Adam Merritt
$22,200 $17,000 $8,400
32 R
(including 1 DD),
4 W
17 R
(including 1 DD),
1 W
10 R
(including 1 DD),
1 W

Combined Coryat: $47,600

The J! Archive is created by fans, for fans. The Jeopardy! game show and all elements thereof, including but not limited to copyright and trademark thereto, are the property of Jeopardy Productions, Inc. and are protected under law. This website is not affiliated with, sponsored by, or operated by Jeopardy Productions, Inc. Join the discussion at JBoard.tv.